[Event "Forchheim op-B 13th"]
[Site "Forchheim"]
[Date "2014.10.04"]
[Round "4"]
[White "Rosenhain, Thomas"]
[Black "Babichev, Vyacheslav"]
[Result "1-0"]
[WhiteElo "1621"]
[BlackElo "1852"]
[PlyCount "49"]
[EventDate "2014.10.03"]
[EventType "swiss"]
[EventRounds "5"]
[EventCountry "GER"]
[SourceTitle "EXT 2019"]
[Source "ChessBase"]
[SourceDate "2018.10.10"]
[SourceVersion "1"]
[SourceVersionDate "2018.10.10"]
[SourceQuality "1"]

1. e4 g6 2. d4 Bg7 3. Nc3 d6 4. Be3 Nf6 5. f3 0-0 6. h4 h5 7. Qd2 Kh7 8. Nh3 Ng8 9. Ng5+ Kh8 10. Bc4 e6 11. 0-0-0 Qe7 12. g4 Nf6 13. e5 dxe5 14. dxe5 Nfd7 15. f4 Nb6 16. Bb3 Nc6 17. gxh5 Rd8 18. Qe2 Rxd1+ 19. Rxd1 Na5 20. hxg6 Nxb3+ 21. axb3 fxg6 22. h5 gxh5 23. Rd8+ Bf8 24. Bc5 Qxd8 25. Qxh5+ 1-0